000 00881nam a22002897a 4500
001 9646
003 FISKH
005 20260127143312.0
008 260127b cb ||||| |||| 00| 0 eng d
020 _a9781368051705
040 _aFISKH
_beng
_cFISKH
_dFISKH
050 _aPZ7 .R4829 .B
082 _a813.6
100 _aRiordan, Rick
_eAuthor
245 _aThe blood of Olympus /
_cRick Riordan
260 _aNew York :
_bDisney ,
_c2014
300 _a516 pages :
_c20 cm
490 _aThe heroes of Olympus :
_v5
505 _aR
520 _a"The Greek and Roman demigods must simultaneously prevent the earth mother, Gaea, from waking and stop war from breaking out at Camp Half-Blood"--
521 8 _a690
_bLexile
521 8 _aR
_bRaz-Plus
650 _aAction
_vAdventure
650 _aCamp half-blood
_vChildren's
942 _2ddc
_cBK
_n0
999 _c9646
_d9646